000
00276nam a2200109Ia 4500
008
200302s9999 xx 000 0 und d
100
_a
Brian Edwards
245
_a
Libraries and Learning Resourec Centres 2nd ed.,
260
_b
Elsevier Ltd.
260
_c
2009
300
_a
270 P.,
999
_c
3256
_d
3256